00996 2200373 4500001002100000005001500021035002000036007000300056008004100059040001700100100002000117245004800137250001200185300003400197504002500231020001800256041000800274082001600282084001600298090002200314260005000336650001200386850001000398990002200408990001600430990002200446990002200468990002200490990002200512990002200534990002200556990002200578990002200600INLIS00000000000362820220815025837 a0010-0621000160ta210628 0  aSBPUPADbind0 aNunung Yuli Eti00aAneka Olahan dari Jamur /cNunung Yuli Eti, a.-Cet.1 aiv, 60 hlm. :bilus. ;c21 cm abibiliografi, 60 hlm a979-1136-44-00 aind142[15]a641.6 a641.6 NUN a a641.6 NUN a L20-8 a.--Yogyakarta :bSaka Mitra Kompetensi,c2007 4aMasakan aPUPAD a35.729/S/DPK/2021 a00000009430 a35.728/S/DPK/2021 a35.487/S/DPK/2021 a35.730/S/DPK/2021 a35.731/S/DPK/2021 a8447/H/APD-PDG/09 a8444/H/APD-PDG/09 a8446/H/APD-PDG/09 a8445/H/APD-PDG/09